| 000 | 01508nam2a22002531 4500 | ||
|---|---|---|---|
| 001 | RU\NLR\INFOCOMM18\1000229156 | ||
| 005 | 20250617022611.0 | ||
| 035 | _a(NLR Aleph) 002378374 | ||
| 090 |
_a4593783 _c4593783 |
||
| 100 | _a20041128d1981 |||y0rusy50 ca | ||
| 101 | 0 | _arus | |
| 102 | _aRU | ||
| 105 | _ay ||||||||| | ||
| 200 | 1 |
_aУнификация конструктивных решений и повышение уровня сборности зданий предприятий легкой, пищевой и мясо-молочной промышленности _fВ.Т. Коробовская |
|
| 210 |
_d1981 _aБ. м. |
||
| 461 | 0 |
_1001RU\NLR\INFOCOMM18\1000229149 _12001#$aСтроительные материалы и конструкции, здания и сооружения$eОбзор. информ.$fЦентр. н.-и., эксперим. и проект. ин-т по сел. стр-ву (ЦНИИЭПсельстрой)$v1981, Вып.1 _94593762 _cМ. _d1979- _fЦентр. н.-и., эксперим. и проект. ин-т по сел. стр-ву (ЦНИИЭПсельстрой) _nЦНИИЭПсельстрой _oОбзор. информ. _tСтроительные материалы и конструкции, здания и сооружения _v1981, Вып.1 |
|
| 700 | 1 |
_aКоробовская _bВ.Т. _4070 |
|
| 801 | 1 |
_aRU _bInfoComm _c20041128 |
|
| 801 | 0 |
_aRU _bNLR _gPSBO |
|
| 852 |
_aNLR _jП10/5598 |
||
| 942 | _cISSUE | ||
| 980 | _aNB | ||
| 980 | _aRUSPER | ||